书目信息 |
| 题名: |
信号处理
|
|
| 作者: | 酒井英昭 编著 ;白玉林 译 | |
| 分册: | ||
| 出版信息: | 北京 科学出版社 2001.01 |
|
| 页数: | 138页 | |
| 开本: | 26cm | |
| 丛书名: | ||
| 单 册: | ||
| 中图分类: | TP , TN911.7-43 | |
| 科图分类: | ||
| 主题词: | 通信理论 | |
| 电子资源: | ||
| ISBN: | 7-03-008762-3 | |
| 000 | 00648nam0 2200217 45 | |
| 001 | 0254351648 | |
| 005 | 20080513093708.14 | |
| 010 | @a7-03-008762-3@dRMB 20.00 | |
| 100 | @a20021108d2001 km y0chiy0120 ea | |
| 101 | 0 | @achi |
| 102 | @aCN@b110000 | |
| 200 | 1 | @a信号处理@Axin hao chu li@f(日)酒井英昭编著@F(Ri)Jiu Jing Ying Zhao Bian Zhu@g白玉林译@GBai Yu Lin Yi |
| 210 | @a北京@c科学出版社@d2001.01 | |
| 215 | @a138页@d26cm | |
| 606 | 0 | @a通信理论 |
| 690 | @aTP@v3 | |
| 690 | @aTN911.7-43@v4 | |
| 701 | 0 | @a酒井英昭@AJiu Jing Ying Zhao@4编著 |
| 702 | 0 | @a白玉林@ABai Yu Lin@4译 |
| 801 | 0 | @aCN@bPFT@c20080513 |
| 905 | @a10447@dTN911.7-43@eJ921 | |
| 信号处理/(日)酒井英昭编著/白玉林译.-北京:科学出版社,2001.01 |
| 138页;26cm |
| ISBN 7-03-008762-3:RMB 20.00 |
| ● |
| 相关链接 |
|
|
|
正题名:信号处理
索取号:TN911.7-43/J921
 
预约/预借
| 序号 | 登录号 | 条形码 | 馆藏地/架位号 | 状态 | 备注 |
| 1 | 368313 | 203683139 | 自科库301/301自科库 35排2列4层/ [索取号:TN911.7-43/J921] | 在馆 | |
| 2 | 368314 | 203683148 | 自科库301/301自科库 35排2列4层/ [索取号:TN911.7-43/J921] | 在馆 | |
| 3 | 368315 | 203683157 | 自科库301/404自科库 17排4列1层/ [索取号:TN911.7-43/J921] | 在馆 |